| 000 | 00000nam##2200000za#4500 |
| 001 | 9.613940 |
| 003 | CaOODSP |
| 005 | 20241203113634 |
| 007 | ta |
| 008 | 150406|1997||||xxc||||| f|0| 0 eng|d |
| 020 | |a0-660-17086-8 |
| 040 | |aCaOODSP|beng |
| 043 | |an-cn--- |
| 086 | 1 |aEn56-119/5-1997E |
| 110 | 1 |aCanada. |bEnvironment Canada. |
| 245 | 10|aResponding to global climate change in Canada's Arctic|cby Barrie Maxwell, Environmental Adaption Research Group, Atmospheric Environment Service. |
| 260 | |aOttawa - Ontario : |bEnvironment Canada |c1997. |
| 300 | |axxii, 82p. : |bgraphs, maps, references, tables ; |c28 cm. |
| 490 | 1 |aCanada country study|vVolume II |
| 500 | |aContents: Introduction.--The northern context.--Climate of the Arctic.--Arctic impacts and adaptation.--Opportunities for further research.--References. |
| 563 | |aSoftcover |
| 590 | |a97-47|b1997-11-21 |
| 690 | 07|aClimate|2gcpds |
| 720 | 1 |aMaxwell, Barrie |
| 776 | 0#|tResponding to global climate change in Canada's Arctic|w(CaOODSP)9.574593 |
| 830 | #0|aCanada country study ;|vVolume II|w(CaOODSP)9.514592 |